000 01243nam a22003254a 4500
001 ebr10087249
003 CaPaEBR
006 m u
007 cr cn|||||||||
008 000228s2001 nyua sb 001 0beng
020 _z0195135660 (alk. paper)
040 _aCaPaEBR
_cCaPaEBR
035 _a(OCoLC)191818409
043 _ae-gx---
050 1 4 _aML410.S4
_bJ45 2001eb
082 0 4 _a780/.92
_aB
_221
100 1 _aJensen, Eric Frederick,
_d1951-
245 1 0 _aSchumann
_h[electronic resource] /
_cEric Frederick Jensen.
260 _aNew York :
_bOxford University Press,
_c2001.
300 _axv, 380 p. :
_bill.
490 1 _aThe master musicians
504 _aIncludes bibliographical references (p. 368-371) and index.
533 _aElectronic reproduction.
_bPalo Alto, Calif. :
_cebrary,
_d2013.
_nAvailable via World Wide Web.
_nAccess may be limited to ebrary affiliated libraries.
600 1 0 _aSchumann, Robert,
_d1810-1856.
650 0 _aComposers
_zGermany
_vBiography.
655 7 _aElectronic books.
_2local
710 2 _aebrary, Inc.
830 0 _aMaster musicians series.
856 4 0 _uhttp://site.ebrary.com/lib/rucke/Doc?id=10087249
_zAn electronic book accessible through the World Wide Web; click to view
999 _c51753
_d51753